000 008020000a22002050004500
001 2217
003 CO-MdFUSB
005 20170515154339.0
008 170515b xxu||||| |||| 00| 0 eng d
020 _a978-84-236-6775-8
040 _cCO-MdBIC
082 0 4 _a863C T712q
100 1 _aArànega, Mercè
245 1 0 _aQuiero escribir un cuento
250 _a11a edición, de este título 5a edición de este formato
260 _aEspaña : Edebé
300 _a32p/21x20cm
505 0 0 _a1. La lombriz que nunca había visto el sol -- 2. Quiero escribir un cuento -- 3. Doña desastre -- 4. ¿Cuándo viene Papá? -- 5. La peligrosa casa horrible -- 6.Emma no se quiere bañar -- 7. Un camaleón en la escuela de gatos -- 8. El cerdito azul -- 9. Dewey: íUn gato el ma biblioteca!
942 _cLGB
999 _c49363
_d49363